A HANDBOOK OF EMERGENCIES (Record no. 216899)

MARC details
000 -LEADER
fixed length control field 00491nam a22001817a 4500
008 - FIXED-LENGTH DATA ELEMENTS--GENERAL INFORMATION
fixed length control field 260330b |||||||| |||| 00| 0 eng d
020 ## - INTERNATIONAL STANDARD BOOK NUMBER
International Standard Book Number 978-93-5270-591-7
100 ## - MAIN ENTRY--PERSONAL NAME
Personal name GOLWALLA, ASPI F.
245 ## - TITLE STATEMENT
Title A HANDBOOK OF EMERGENCIES
250 ## - EDITION STATEMENT
Edition statement 9TH ED
260 ## - PUBLICATION, DISTRIBUTION, ETC.
Place of publication, distribution, etc. NEW DELHI
Name of publisher, distributor, etc. JAYPEE BROTHERS MEDICAL PUBLISHERS
Date of publication, distribution, etc. 2019
300 ## - PHYSICAL DESCRIPTION
Extent XVI, 566P.
500 ## - GENERAL NOTE
General note INCLUDES INDEX
650 ## - SUBJECT ADDED ENTRY
Topical term or geographic name entry element EMERGENCY MEDICINE
700 ## - ADDED ENTRY--PERSONAL NAME
Personal name GOLWALLA, SHARUKH
942 ## - ADDED ENTRY ELEMENTS (KOHA)
Source of classification or shelving scheme Library of Congress Classification
Koha item type Long Loan Book

No items available.